书目信息 |
| 题名: |
阴阳家与阴阳五行学说
|
|
| 作者: | 于元 编著 | |
| 分册: | ||
| 出版信息: | 长春 吉林文史出版社 2018 |
|
| 页数: | 135页 | |
| 开本: | 22cm | |
| 丛书名: | ||
| 单 册: | ||
| 中图分类: | B227 | |
| 科图分类: | ||
| 主题词: | 阴阳家--研究--中国 , 阴阳五行说--基本知识 , 阴阳家 , 阴阳五行说 | |
| 电子资源: | ||
| ISBN: | 978-7-5472-0842-7 | |
| 000 | 00917nam0 2200277 45 | |
| 001 | 012001012106 | |
| 005 | 20141123170927.0 | |
| 010 | @a978-7-5472-0842-7@dCNY34.80 | |
| 100 | @a20120930d2012 em y0chiy50 ea | |
| 101 | 0 | @achi |
| 102 | @aCN@b220000 | |
| 105 | @aa z 000yy | |
| 106 | @ar | |
| 200 | 1 | @a阴阳家与阴阳五行学说@9yin yang jia yu yin yang wu xing xue shuo@f于元编著 |
| 210 | @a长春@c吉林文史出版社@d2018 | |
| 215 | @a135页@c图@d22cm | |
| 300 | @a中国文化知识读本/金开诚主编 | |
| 330 | @a本书共七章,主要介绍了阴阳家与五行文化,内容包括:阴阳家的简介及重要文献、五行学说、阴阳学说及其代表人物,还讨论了中医与五行,阴阳五行与相术的关系等。 | |
| 606 | 0 | @a阴阳家@x研究@y中国 |
| 606 | 0 | @a阴阳五行说@x基本知识 |
| 606 | 0 | @a阴阳家 |
| 606 | 0 | @a阴阳五行说 |
| 690 | @aB227@v5 | |
| 701 | 0 | @a于元@9yu yuan@c(科普)@4编著 |
| 801 | 0 | @aCN@b上海新华@c20191020 |
| 905 | @b1184997-9@dB227@e921@f3 | |
| 阴阳家与阴阳五行学说/于元编著.-长春:吉林文史出版社,2018 |
| 135页:图;22cm |
| 中国文化知识读本/金开诚主编 |
| ISBN 978-7-5472-0842-7:CNY34.80 |
| 本书共七章,主要介绍了阴阳家与五行文化,内容包括:阴阳家的简介及重要文献、五行学说、阴阳学说及其代表人物,还讨论了中医与五行,阴阳五行与相术的关系等。 |
| ● |
| 相关链接 |
|
|
|
|
正题名:阴阳家与阴阳五行学说
索取号:B227/921
 
预约/预借
| 序号 | 登录号 | 条形码 | 馆藏地/架位号 | 状态 | 备注 |
| 1 | 1184997 | 211849972 | 第一样本阅览室/ [索取号:B227/921] | 在馆 | |
| 2 | 1184998 | 211849981 | 第一借阅区/ [索取号:B227/921] | 在馆 | |
| 3 | 1184999 | 211849990 | 第一借阅区/ [索取号:B227/921] | 在馆 |